El diálogo oral en el mundo hispanohablante: estudios teóricos y aplicados

में बचाया:
ग्रंथसूची विवरण
मुख्य लेखकों: Fant, Lars (लेखक), Harvey Arellano, Ana María (लेखक)
स्वरूप: पुस्तक
भाषा:स्पेनिश
प्रकाशित: Madrid Iberoamericana 2011
Frankfurt am Main Vervuert 2011
श्रृंखला:Lengua y Sociedad en el Mundo Hispánico, 28
विषय:
टैग: टैग जोड़ें
कोई टैग नहीं, इस रिकॉर्ड को टैग करने वाले पहले व्यक्ति बनें!

MARC

LEADER 00000cam a2200000 a 4500
001 UCG8175
003 CL-VaPUC
008 111124e20110000SP |||||||||||||||||spa|d
020 |a 9788484895947 ed. Iberoamericana 
020 |a 9783865276452 ed. Vervuert 
082 0 4 |a 410  |b FAN  |2 21 
100 0 |a Fant, Lars  |e author  |9 559082 
700 |a Harvey Arellano, Ana María  |e author  |9 528439 
245 1 3 |a El diálogo oral en el mundo hispanohablante: estudios teóricos y aplicados 
300 |a 319 p 
942 |c BK 
945 |d 20111124 00:00:00  |a dcastane 
260 |a Madrid  |b Iberoamericana  |c 2011 
260 |a Frankfurt am Main  |b Vervuert  |c 2011 
650 0 |a Lingüística  |9 265068 
650 0 |a Lenguaje   |9 265069 
650 0 |a Análisis del discurso  |9 256696 
583 |a last modification  |c 20111124 10:35:00  |k Rodrigo Vera 
490 0 |a Lengua y Sociedad en el Mundo Hispánico, 28 
999 |c 345804  |d 345802 
952 |0 0  |1 0  |4 0  |6 410_000000000000000_FAN_2011_2011  |7 0  |8 A  |9 446082  |a FDOPOS  |b FDOPOS  |d 2019-11-22  |i 4804686  |o 410 FAN 2011 2011  |p 4804686  |r 2025-01-22  |w 2019-11-22  |y BK  |k DLA